000 00700nam a2200241 i 4500
001 C2-0101489
003 PPAK
005 20180727095727.0
008 970601s1990 nyua|||| ||||| | eng d
020 _a0671700553
040 _aPPAK
_beng
_cPPAK
_erda
082 0 4 _a947.0854092
_223
090 0 0 _a947.0854092
_bYEL
_dG
100 1 _aYeltsin, Boris,
_eauthor
245 1 0 _aAgainst the grain :
_ban autobiography
264 1 _aNew York :
_bSummit Books ,
_c1990
300 _a263 pages :
_billustrations ;
_c25 cm
336 _2rdacontent
_atext
337 _2rdamedia
_aunmediated
338 _2rdacarrier
_avolume
650 1 0 _aPresidents - Russia ( Federation ) - Biography
942 _ddc
_cB
999 _c23337
_d23337